El trabajo doméstico: (Record no. 9849)
[ view plain ]
| 000 -CABECERA | |
|---|---|
| campo de control de longitud fija | 00870nam a2200289uu 4500 |
| 001 - NÚMERO DE CONTROL | |
| campo de control | 33622 |
| 003 - IDENTIFICADOR DEL NÚMERO DE CONTROL | |
| campo de control | arbaides |
| 005 - FECHA Y HORA DE LA ÚLTIMA TRANSACCIÓN | |
| campo de control | 20191213194300.0 |
| 008 - DATOS DE LONGITUD FIJA--INFORMACIÓN GENERAL | |
| campo de control de longitud fija | 151105 ag spa d |
| 020 ## - NÚMERO INTERNACIONAL ESTÁNDAR DEL LIBRO | |
| Número Internacional Estándar del Libro | 16681053 |
| 041 0# - CÓDIGO DE LENGUA | |
| Código de lengua del texto/banda sonora o título independiente | spa |
| 044 ## - CÓDIGO DEL PAÍS DE LA ENTIDAD EDITORA/PRODUCTORA | |
| Código MARC del país | ag |
| 100 1# - ENTRADA PRINCIPAL--NOMBRE DE PERSONA | |
| Nombre de persona | Marshall, Adriana |
| 9 (RLIN) | 4475 |
| 245 10 - MENCIÓN DE TÍTULO | |
| Título | El trabajo doméstico: |
| Resto del título | entre regulaciones formales e informales. Miradas desde la historia y la sociología |
| 260 ## - PUBLICACIÓN, DISTRIBUCIÓN, ETC. | |
| Lugar de publicación, distribución, etc. | Buenos Aires : |
| Nombre del editor, distribuidor, etc. | IDES, |
| Fecha de publicación, distribución, etc. | 2015. |
| 300 ## - DESCRIPCIÓN FÍSICA | |
| Extensión | 140 p. |
| 336 ## - TIPO DE CONTENIDO | |
| Término de tipo de contenido | Texto |
| Código de tipo de contenido | txt |
| Fuente | rdacontent |
| 337 ## - TIPO DE MEDIO | |
| Nombre/término del tipo de medio | sin mediación |
| Código del tipo de medio | n |
| Fuente | rdamedia |
| 338 ## - TIPO DE SOPORTE | |
| Nombre/término del tipo de soporte | Volumen |
| Código del tipo de soporte | nc |
| Fuente | rdacarrier |
| 490 0# - MENCIÓN DE SERIE | |
| Mención de serie | Cuadernos del Ides ; |
| Designación de volumen o secuencia | 30 |
| 700 1# - PUNTO DE ACCESO ADICIONAL--NOMBRE DE PERSONA | |
| Nombre de persona | Allemandi, Cecilia |
| 9 (RLIN) | 9345 |
| Nombre de persona | Pérez, Inés |
| 9 (RLIN) | 9290 |
| Nombre de persona | Pereyra, Francisca |
| 9 (RLIN) | 10759 |
| Nombre de persona | Gorbán, Débora |
| 9 (RLIN) | 10138 |
| Nombre de persona | Tizziani, Ania |
| 9 (RLIN) | 10760 |
| 942 ## - ELEMENTOS DE PUNTO DE ACCESO ADICIONAL (KOHA) | |
| Tipo de ítem Koha | DOCUMENTOS |
| Estado de retiro | Estado de pérdida | Estado dañado | No para préstamo | Código de colección | Localización permanente | Ubicación/localización actual | Fecha de adquisición | Número de inventario | Total de préstamos | Signatura topográfica completa | Código de barras | Fecha visto por última vez | Precio válido a partir de | Tipo de ítem Koha |
|---|---|---|---|---|---|---|---|---|---|---|---|---|---|---|
| Colección de Documentos | Biblioteca del IDES | Biblioteca del IDES | 2019-11-17 | 10557 | S-15/cuad. 30 | 008878 | 2019-11-17 | 2019-11-17 | DOCUMENTOS |
